000 00743nam a2200217Ii 4500
003 JO-AjNU
008 230605s9999||||xx |||||||||||||| ||und||
017 _a1995/11/1270
040 _aJO-AjNU
_bara
_erda
_cJO-AjNU
041 _aara
050 1 4 _aHV40.8.J65.U82 1995
100 3 _aعويدات، عبدالله,
_eauthor
_947695
245 0 0 _aالشباب والعمل التطوعي
264 3 1 _aعمان: وزارة الشباب، 1995
300 _a48ص
_bيحتوي على ببلوغرافية من 47-48ص
336 _atext
_btxt
_2rdacontent
337 _aunmediated
_bn
_2rdamedia
338 _avolume
_bnc
_2rdacarrier
490 0 _aسلسلة التثقيف الشبابي؛ 27
650 4 _aالعمل التطوعي
_947696
999 _aA20839
_c24407
_d24407